00277nam a2200109Ia 4500008004100000020001800041082001200059100002000071245004900091260000900140500001800149260604s9999 xx 000 0 und d a9781529626391 a302 LIO aSHUANG LIU, ADA 0aSAGE HANDBOOK OF INTERCULTURAL COMMUNICATION bSAGE aCommunication